[Event "Niederbayernliga 1314"]
[Site "Bayern"]
[Date "2014.??.??"]
[Round "7"]
[White "Lomasov, Igor"]
[Black "Fink, Walter"]
[Result "1-0"]
[WhiteElo "1685"]
[BlackElo "1420"]
[PlyCount "93"]
[EventDate "2013.10.13"]
[EventType "team-tourn"]
[EventRounds "9"]
[EventCountry "GER"]
[SourceTitle "EXT 2023"]
[Source "ChessBase"]
[SourceDate "2022.10.05"]
[SourceVersion "1"]
[SourceVersionDate "2022.10.05"]
[SourceQuality "1"]
[WhiteTeam "Straubing SC"]
[BlackTeam "Grafenau"]
[WhiteTeamCountry "GER"]
[BlackTeamCountry "GER"]

1. d4 g6 2. e4 d6 3. Be3 Bg7 4. c3 Nf6 5. Bd3 0-0 6. f3 Nc6 7. Ne2 e5 8. Qd2 Nh5 9. g4 Nf6 10. d5 Ne7 11. Bh6 c6 12. c4 Bd7 13. h4 Bxh6 14. Qxh6 Bxg4 15. fxg4 Nxg4 16. Qg5 h5 17. Nbc3 f6 18. Qd2 Qb6 19. Rf1 Ne3 20. Rg1 Ng4 21. Rg2 Kg7 22. Na4 Qc7 23. Ng3 b5 24. cxb5 cxb5 25. Rc1 Qd7 26. Nc3 a6 27. Nd1 Qa7 28. Be2 Rac8 29. Rxc8 Rxc8 30. Bxg4 hxg4 31. h5 g5 32. Ne3 Qc5 33. Ke2 b4 34. Rh2 Rh8 35. h6+ Kg6 36. Qc2 Qxc2+ 37. Nxc2 a5 38. b3 Rxh6 39. Rxh6+ Kxh6 40. Ne3 Nc8 41. Ngf5+ Kh5 42. Kf2 Nb6 43. Kg3 a4 44. Nxd6 axb3 45. axb3 Nd7 46. Nb7 Kg6 47. Kxg4 1-0

[Event "Niederbayernliga 1314"]
[Site "Bayern"]
[Date "2013.??.??"]
[Round "1"]
[White "Fink, Walter"]
[Black "Kaisin, Viktor"]
[Result "1/2-1/2"]
[WhiteElo "1420"]
[BlackElo "1554"]
[PlyCount "37"]
[EventDate "2013.10.13"]
[EventType "team-tourn"]
[EventRounds "9"]
[EventCountry "GER"]
[SourceTitle "EXT 2023"]
[Source "ChessBase"]
[SourceDate "2022.10.05"]
[SourceVersion "1"]
[SourceVersionDate "2022.10.05"]
[SourceQuality "1"]
[WhiteTeam "Grafenau"]
[BlackTeam "Passau II"]
[WhiteTeamCountry "GER"]
[BlackTeamCountry "GER"]

1. e4 e5 2. Nf3 Nc6 3. Bc4 d6 4. c3 Be7 5. Qb3 Na5 6. Qa4+ c6 7. Be2 b5 8. Qc2 Nf6 9. b4 Nb7 10. d4 exd4 11. cxd4 Bd7 12. 0-0 0-0 13. Nbd2 a5 14. bxa5 Nxa5 15. Bb2 c5 16. Nb3 c4 17. Nxa5 Qxa5 18. a3 Bc6 19. e5 1/2-1/2

[Event "Niederbayernliga 1314"]
[Site "Bayern"]
[Date "2013.??.??"]
[Round "3"]
[White "Fink, Walter"]
[Black "Schwarz, Hannes"]
[Result "0-1"]
[WhiteElo "1420"]
[BlackElo "1431"]
[PlyCount "50"]
[EventDate "2013.10.13"]
[EventType "team-tourn"]
[EventRounds "9"]
[EventCountry "GER"]
[SourceTitle "EXT 2023"]
[Source "ChessBase"]
[SourceDate "2022.10.05"]
[SourceVersion "1"]
[SourceVersionDate "2022.10.05"]
[SourceQuality "1"]
[WhiteTeam "Grafenau"]
[BlackTeam "Bayerwald Regen/Zwiesel"]
[WhiteTeamCountry "GER"]
[BlackTeamCountry "GER"]

1. e4 c5 2. Nf3 d6 3. Bc4 Nc6 4. c3 e6 5. 0-0 Be7 6. d4 cxd4 7. cxd4 Bd7 8. e5 d5 9. Be2 Qb6 10. a3 Rc8 11. Nc3 Na5 12. Rb1 Rxc3 13. Bd2 Rc8 14. Bxa5 Qxa5 15. Qb3 Qb6 16. Qd3 Nh6 17. b4 0-0 18. Qe3 Bb5 19. Bxb5 Qxb5 20. h3 Rc7 21. Rfc1 Rfc8 22. Rxc7 Rxc7 23. g4 Qc4 24. h4 Qc2 25. Re1 Nxg4 0-1

[Event "Niederbayernliga 1213"]
[Site "Bayern"]
[Date "2012.10.14"]
[Round "1.8"]
[White "Fink, Walter"]
[Black "Kuehne, Ronald"]
[Result "0-1"]
[WhiteElo "1420"]
[BlackElo "1658"]
[PlyCount "66"]
[EventDate "2012.10.14"]
[EventType "team-tourn"]
[EventRounds "9"]
[EventCountry "GER"]
[SourceTitle "EXT 2023"]
[Source "ChessBase"]
[SourceDate "2022.10.05"]
[SourceVersion "1"]
[SourceVersionDate "2022.10.05"]
[SourceQuality "1"]
[WhiteTeam "Grafenau"]
[BlackTeam "Ergolding"]
[WhiteTeamCountry "GER"]
[BlackTeamCountry "GER"]

1. e4 c5 2. Nf3 Nc6 3. c3 e5 4. Bb5 d6 5. 0-0 Bd7 6. d3 Nf6 7. Bg5 Be7 8. Nbd2 0-0 9. a3 a6 10. Bc4 b5 11. Ba2 h6 12. Bh4 Bg4 13. Qc2 Rc8 14. Bxf6 Bxf6 15. Bd5 Ne7 16. Bb7 Rb8 17. Bd5 Nxd5 18. exd5 Qd7 19. Ne4 Be7 20. h3 Bxf3 21. gxf3 Qxh3 22. Qe2 f5 23. Ng3 f4 24. d4 fxg3 25. fxg3 Qxg3+ 26. Kh1 Rf4 27. Qg2 Rh4+ 28. Kg1 Qxg2+ 29. Kxg2 exd4 30. cxd4 Rxd4 31. Rad1 Rxd1 32. Rxd1 Bf6 33. Rd2 Re8 0-1

[Event "Niederbayernliga 1011"]
[Site "Germany"]
[Date "2010.12.12"]
[Round "4.8"]
[White "Fink, Walter"]
[Black "Putz, Andreas"]
[Result "0-1"]
[WhiteElo "1442"]
[BlackElo "1595"]
[PlyCount "112"]
[EventDate "2010.10.10"]
[EventType "team-tourn"]
[EventRounds "9"]
[EventCountry "GER"]
[SourceTitle "EXT 2012"]
[Source "ChessBase"]
[SourceDate "2011.11.24"]
[SourceVersion "1"]
[SourceVersionDate "2011.11.24"]
[SourceQuality "1"]
[WhiteTeam "Grafenau"]
[BlackTeam "Simbach"]
[WhiteTeamCountry "GER"]
[BlackTeamCountry "GER"]

1. e4 c5 2. Nf3 Nf6 3. Nc3 Nc6 4. d3 g6 5. Bd2 Bg7 6. Qc1 0-0 7. Be2 e6 8. Bh6 a6 9. Bxg7 Kxg7 10. 0-0 b5 11. b3 Re8 12. Re1 d5 13. exd5 exd5 14. h3 d4 15. Nb1 Ra7 16. Qg5 Bf5 17. Nbd2 Rae7 18. Bf1 Rxe1 19. Rxe1 Rxe1 20. Nxe1 Qa5 21. Ndf3 Qxa2 22. Nh4 Ne7 23. Qf4 Be6 24. Qd6 Nf5 25. Nxf5+ Bxf5 26. Qxc5 Qa1 27. Nf3 Qc3 28. b4 Qxc5 29. bxc5 Nd5 30. Nxd4 Kf6 31. g4 Bd7 32. Bg2 Nc7 33. Bb7 a5 34. f4 h6 35. Kf2 a4 36. Ke3 a3 37. Kd2 a2 38. Nb3 Be6 39. Na1 h5 40. Bf3 hxg4 41. hxg4 Nd5 42. Bxd5 Bxd5 43. Ke3 b4 44. d4 Ke6 45. Kf2 Be4 46. c3 bxc3 47. Ke3 c2 48. Kd2 Kd5 49. Kc1 Kxd4 50. Nb3+ Kc3 51. Na1 f6 52. c6 Bxc6 53. Nxc2 Be4 54. Na1 g5 55. fxg5 fxg5 56. Kd1 Kb2 0-1

[Event "Niederbayernliga 0809"]
[Site "Germany"]
[Date "2009.02.01"]
[Round "6.8"]
[White "Fink, Walter"]
[Black "Grigore Nikolitsch, Corneliu"]
[Result "0-1"]
[WhiteElo "1519"]
[BlackElo "1667"]
[PlyCount "139"]
[EventDate "2008.10.05"]
[EventType "team-tourn"]
[EventRounds "9"]
[EventCountry "GER"]
[SourceTitle "EXT 2010"]
[Source "ChessBase"]
[SourceDate "2010.11.25"]
[SourceVersion "1"]
[SourceVersionDate "2010.11.25"]
[SourceQuality "1"]
[WhiteTeam "Grafenau"]
[BlackTeam "Rottal II"]
[WhiteTeamCountry "GER"]
[BlackTeamCountry "GER"]

1. e4 c5 2. Nf3 a6 3. b3 Nc6 4. Bb2 d6 5. Be2 h6 6. 0-0 e5 7. Nc3 Be6 8. a3 Be7 9. Nd5 b5 10. c4 bxc4 11. bxc4 Nf6 12. d3 Rb8 13. Bc3 0-0 14. Qc2 Re8 15. Rfb1 Bxd5 16. cxd5 Nd4 17. Bxd4 cxd4 18. Qa4 Rb6 19. Nd2 Qd7 20. Qxd7 Nxd7 21. Nc4 Rxb1+ 22. Rxb1 Rb8 23. Rxb8+ Nxb8 24. Kf1 Nd7 25. Bg4 Nc5 26. Ke2 Kf8 27. Kd2 Ke8 28. Kc2 Kd8 29. Na5 Kc7 30. Nc4 g6 31. Bd1 h5 32. h3 Bd8 33. Kd2 Kd7 34. g4 h4 35. Ke2 Ke7 36. Bc2 Nd7 37. Kf3 g5 38. Ke2 Nf8 39. Kf3 Ng6 40. Kg2 Nf4+ 41. Kh2 Kd7 42. a4 Bc7 43. a5 f6 44. Ba4+ Kc8 45. Bc2 Kb7 46. Bb1 Ka7 47. Bc2 Ng6 48. Kg2 Nh8 49. Ba4 Nf7 50. Kf3 Nd8 51. Ke2 Nb7 52. Kd1 Nc5 53. Bc2 Nd7 54. Ke2 Nf8 55. Kf3 Ng6 56. Kg2 Nf4+ 57. Kh2 Ne2 58. Kg2 Nc3 59. Kf1 Na2 60. Ke2 Nc3+ 61. Kf1 Kb7 62. Ke1 Nb5 63. Ke2 Na7 64. Ba4 Nb5 65. Bc2 Kc8 66. Kd2 Bb8 67. Ba4 Bc7 68. Nb6+ Bxb6 69. axb6 Nc3 70. Be8 0-1

[Event "Niederbayernliga 0708"]
[Site "Germany"]
[Date "2007.10.21"]
[Round "1.8"]
[White "Pfaeffinger, Georg"]
[Black "Fink, Walter"]
[Result "1-0"]
[WhiteElo "1663"]
[BlackElo "1519"]
[PlyCount "141"]
[EventDate "2007.10.21"]
[EventType "team"]
[EventRounds "9"]
[EventCountry "GER"]
[SourceTitle "EXT 2009"]
[Source "ChessBase"]
[SourceDate "2008.11.26"]
[SourceVersion "1"]
[SourceVersionDate "2008.11.26"]
[SourceQuality "1"]
[WhiteTeam "Geiselhoering"]
[BlackTeam "Grafenau"]
[WhiteTeamCountry "GER"]
[BlackTeamCountry "GER"]

1. e4 e5 2. Nf3 d6 3. d4 Bg4 4. Be2 Be7 5. h3 Bxf3 6. Bxf3 Nd7 7. 0-0 Ngf6 8. Be3 0-0 9. Nd2 exd4 10. Bxd4 Ne5 11. Be2 Nc6 12. c3 h6 13. Qc2 Nh7 14. f4 Bf6 15. Be3 Re8 16. Bd3 Nf8 17. Rae1 a6 18. Nf3 Qd7 19. Rd1 Qc8 20. Qf2 Re7 21. Nd4 Qe8 22. Nf5 Rd7 23. Bd4 Nxd4 24. cxd4 Ng6 25. e5 dxe5 26. dxe5 Be7 27. Nxe7+ Nxe7 28. f5 Nc6 29. e6 fxe6 30. fxe6 Re7 31. Qf5 g6 32. Qxg6+ Qxg6 33. Bxg6 Kg7 34. Bf7 Ne5 35. Rf5 Nxf7 36. Rxf7+ Rxf7 37. exf7 Kf8 38. Rd7 Rc8 39. Kf2 b6 40. Kf3 c5 41. Rd6 Rc7 42. Rxb6 Rxf7+ 43. Kg3 Kg7 44. Rxa6 Rf1 45. a4 c4 46. Rc6 Rb1 47. Rxc4 Rxb2 48. Rc8 Rb4 49. a5 Ra4 50. Ra8 Kf6 51. a6 Ra3+ 52. Kh2 Kg5 53. a7 Kh5 54. Kg1 Ra2 55. Kf1 Kh4 56. Rh8 Rxa7 57. Rxh6+ Kg3 58. Rg6+ Kf4 59. h4 Ra5 60. Rg8 Rb5 61. Ke2 Rb2+ 62. Kd3 Rb5 63. g4 Rb1 64. h5 Rd1+ 65. Kc4 Ke4 66. h6 Rc1+ 67. Kb3 Rh1 68. Rh8 Kf4 69. h7 Kg3 70. g5 Kg4 71. g6 1-0

[Event "Niederbayernliga 0708"]
[Site "Germany"]
[Date "2007.03.09"]
[Round "7.8"]
[White "Fesl, Michael"]
[Black "Fink, Walter"]
[Result "1-0"]
[WhiteElo "1600"]
[BlackElo "1519"]
[PlyCount "99"]
[EventDate "2007.10.21"]
[EventType "team"]
[EventRounds "9"]
[EventCountry "GER"]
[SourceTitle "EXT 2009"]
[Source "ChessBase"]
[SourceDate "2008.11.26"]
[SourceVersion "1"]
[SourceVersionDate "2008.11.26"]
[SourceQuality "1"]
[WhiteTeam "Schaibing"]
[BlackTeam "Grafenau"]
[WhiteTeamCountry "GER"]
[BlackTeamCountry "GER"]

1. d4 d5 2. Nf3 Nf6 3. e3 Nc6 4. c4 e6 5. Nc3 Bb4 6. Bd2 0-0 7. Bd3 b6 8. cxd5 exd5 9. 0-0 Ne7 10. Qc2 h6 11. a3 Bxc3 12. bxc3 Re8 13. Ne5 c6 14. f3 Be6 15. e4 Nd7 16. Nxd7 Qxd7 17. e5 Bf5 18. Bxf5 Qxf5 19. Qxf5 Nxf5 20. g4 Nh4 21. f4 Ng6 22. f5 Nh8 23. h4 Rac8 24. g5 hxg5 25. hxg5 Rc7 26. Kf2 Kf8 27. Rh1 Ke7 28. Rh7 Rg8 29. Bf4 Rcc8 30. Re1 Rce8 31. e6 Kd8 32. f6 fxe6 33. Rxg7 Rxg7 34. fxg7 Ng6 35. Rxe6 Ne7 36. Bd6 Ng8 37. Rxe8+ Kxe8 38. Kf3 Kd7 39. Bf8 a6 40. Kf4 Ke6 41. Kg4 a5 42. Kf4 a4 43. Kg4 c5 44. dxc5 bxc5 45. Bxc5 Ke5 46. Bd4+ Ke4 47. Bf6 Kd3 48. Kf5 Kc4 49. Ke6 Kb3 50. Kf7 1-0

[Event "Niederbayernliga 0607"]
[Site "Germany"]
[Date "2006.??.??"]
[Round "3.8"]
[White "Fink, Walter"]
[Black "Rennert, Heinrich"]
[Result "1-0"]
[WhiteElo "1514"]
[BlackElo "1201"]
[PlyCount "40"]
[EventDate "2006.??.??"]
[EventType "team"]
[EventRounds "9"]
[EventCountry "GER"]
[SourceTitle "EXT 2008"]
[Source "ChessBase"]
[SourceDate "2007.11.25"]
[SourceVersion "1"]
[SourceVersionDate "2007.11.25"]
[SourceQuality "1"]
[WhiteTeam "Grafenau"]
[BlackTeam "Waldkirchen"]
[WhiteTeamCountry "GER"]
[BlackTeamCountry "GER"]

1. e4 e5 2. Nf3 d6 3. Bc4 Bg4 4. d3 Bxf3 5. Qxf3 Nf6 6. Bg5 Nbd7 7. Nc3 h6 8. Bh4 c6 9. a3 g5 10. Bg3 h5 11. h4 g4 12. Qf5 Nb6 13. Bb3 Nc8 14. f4 gxf3 15. Qxf3 Qe7 16. 0-0-0 Bh6+ 17. Kb1 Ng4 18. Rhf1 f6 19. Qf5 Ne3 20. Qxh5+ Qf7 1-0